000 00234nam a22000857a 4500
008 161125b xxu||||| |||| 00| 0 eng d
100 _91419
_aYoung Learners
245 _aPuss in Boots
260 _aNew Delhi
_bYoung Learners Publication
_c2011
999 _c4138
_d4138